书目信息 |
| 题名: |
环境化学
|
|
| 作者: | 陶秀成 主编 | |
| 分册: | ||
| 出版信息: | 北京 高等教育出版社 2002 |
|
| 页数: | 379页 | |
| 开本: | 20cm | |
| 丛书名: | ||
| 单 册: | ||
| 中图分类: | X13 | |
| 科图分类: | ||
| 主题词: | 环境化学 | |
| 电子资源: | ||
| ISBN: | 7-04-010615-9 | |
| 000 | 00630nam0 2200217 450 | |
| 001 | 0748826348 | |
| 005 | 20070726160028.73 | |
| 010 | @a7-04-010615-9@dCNY17.20 | |
| 100 | @a20070710d2002 km y0chiy0120 ea | |
| 101 | 0 | @achi |
| 102 | @aCN@b110000 | |
| 200 | 1 | @a环境化学@Ahuan jing hua xue@f陶秀成主编@Ftao xiu cheng zhu bian |
| 210 | @a北京@c高等教育出版社@d2002@h2005 | |
| 215 | @a379页@d20cm | |
| 300 | @a中学教师进修高等师范本科(专科起点)教材 | |
| 304 | @a教育部师范教育司组织编写 | |
| 606 | 0 | @a环境化学 |
| 690 | @aX13@v3 | |
| 701 | 0 | @a陶秀成@Atao xiu cheng@4主编 |
| 801 | 0 | @aCN@bPFT@c20070726 |
| 905 | @a10447@dX13@e125 | |
| 环境化学/陶秀成主编.-北京:高等教育出版社,2002(2005) |
| 379页;20cm |
| 中学教师进修高等师范本科(专科起点)教材 |
| ISBN 7-04-010615-9:CNY17.20 |
| ● |
| 相关链接 |
|
|
|
|
正题名:环境化学
索取号:X13/125
 
预约/预借
| 序号 | 登录号 | 条形码 | 馆藏地/架位号 | 状态 | 备注 |
| 1 | 0773375 | 207733755 | 第二样本阅览室/ [索取号:X13/125] | 在馆 | |
| 2 | 0773376 | 207733764 | 密集书库/ [索取号:X13/125] | 在馆 | |
| 3 | 0773377 | 207733773 | 密集书库/ [索取号:X13/125] | 在馆 | |
| 4 | 0773378 | 207733782 | 密集书库/ [索取号:X13/125] | 在馆 | |
| 5 | 0773379 | 207733791 | 密集书库/ [索取号:X13/125] | 在馆 | |
| 6 | 0773380 | 207733808 | 库房3/ [索取号:X13/125] | 在馆 | |
| 7 | 0773381 | 207733817 | 库房3/ [索取号:X13/125] | 在馆 | |
| 8 | 0773382 | 207733826 | 库房3/ [索取号:X13/125] | 在馆 | |
| 9 | 0773383 | 207733835 | 库房3/ [索取号:X13/125] | 在馆 | |
| 10 | 0773384 | 207733844 | 库房3/ [索取号:X13/125] | 在馆 | |
| 11 | 0773385 | 207733853 | 库房3/ [索取号:X13/125] | 在馆 | |
| 12 | 0773386 | 207733862 | 库房3/ [索取号:X13/125] | 在馆 | |
| 13 | 0775602 | 207756025 | 密集书库/ [索取号:X13/125] | 在馆 | |
| 14 | 0777777 | 207777770 | 密集书库/ [索取号:X13/125] | 在馆 | |
| 15 | 0777961 | 207779616 | 密集书库/ [索取号:X13/125] | 在馆 | |
| 16 | 0777975 | 207779750 | 密集书库/ [索取号:X13/125] | 在馆 | |
| 17 | 0778680 | 207786804 | 密集书库/ [索取号:X13/125] | 在馆 | |
| 18 | 0778692 | 207786920 | 密集书库/ [索取号:X13/125] | 在馆 | |
| 19 | 0778714 | 207787144 | 密集书库/ [索取号:X13/125] | 在馆 | |
| 20 | 0779117 | 207791175 | 密集书库/ [索取号:X13/125] | 在馆 | |
| 21 | 0779564 | 207795643 | 密集书库/ [索取号:X13/125] | 在馆 | |
| 22 | 0779635 | 207796358 | 密集书库/ [索取号:X13/125] | 在馆 | |
| 23 | 0787805 | 207878055 | 密集书库/ [索取号:X13/125] | 在馆 | |
| 24 | 0787828 | 207878288 | 密集书库/ [索取号:X13/125] | 在馆 | |
| 25 | 0787829 | 207878297 | 密集书库/ [索取号:X13/125] | 在馆 | |
| 26 | 0787930 | 207879303 | 密集书库/ [索取号:X13/125] | 在馆 | |
| 27 | 0788266 | 207882665 | 密集书库/ [索取号:X13/125] | 在馆 | |
| 28 | 0788385 | 207883851 | 密集书库/ [索取号:X13/125] | 在馆 | |
| 29 | 0788698 | 207886983 | 密集书库/ [索取号:X13/125] | 在馆 | |
| 30 | 0788752 | 207887526 | 密集书库/ [索取号:X13/125] | 在馆 |